| 000 | 00629nam a22002297a 4500 | ||
|---|---|---|---|
| 005 | 20170124110208.0 | ||
| 010 | _aB-089731 | ||
| 020 | _c270.00 | ||
| 035 | _aB-089731 | ||
| 037 | _bCen Lib/Ret | ||
| 040 |
_aDPL _bEN |
||
| 082 |
_a341 _bGUR |
||
| 100 |
_aGurdip Singh _916544 |
||
| 245 |
_aInternational law / _cby Gurdip Singh |
||
| 260 |
_aNew Delhi _bMacmillan India _c2003 |
||
| 270 |
_a2/10, Ansari road, Daryaganj _bNew Delhi _e110002 |
||
| 300 |
_axiv,584p. _c22cm(pbk) |
||
| 500 | _aIncludes index | ||
| 650 |
_aLaw _9104 |
||
| 650 |
_aInternational law _92114 |
||
| 942 |
_2ddc _cEN _h341 _mGUR |
||
| 999 |
_c133374 _d133374 |
||